|
|
|
|
| LEADER |
00000naa a2200000uu 4500 |
| 001 |
vtls010945769 |
| 003 |
SK-MaSNL |
| 005 |
20260302135801.0 |
| 008 |
210909|1995 xo |||||||||||||||||slo| |
| 015 |
|
|
|a SNBRA
|
| 035 |
|
|
|a (urnnbn)urn:nbn:sk:snk:ar-a0bfii
|
| 035 |
|
|
|a (uuid)a395300f-b8b9-4b03-b66f-e626ef2ee885
|
| 035 |
|
|
|a urn:nbn:sk:snk-aau7ot
|
| 040 |
|
|
|a SNKBUCL
|b slo
|c SNKBUCL
|e AACR2
|
| 041 |
0 |
|
|a slo
|
| 044 |
|
|
|a xo
|c SK
|
| 100 |
1 |
|
|a Hrivňáková, Dáša,
|d 1933-
|4 aut
|9 189298
|
| 245 |
1 |
0 |
|a PRÍSPEVOK K ŠTÚDIU TEPLOTNEJ STABILITY PERMANENTNÝCH MAGNETOV Sm2(CoFeCuZr)17
|c Dáša Hrivňáková, Svetozár Demian, Viliam Hrnčiar
|
| 246 |
3 |
|
|a CONTRIBUTION TO THERMAL STABILITY STUDY OF Sm2(CoFeCuZr)17 PERMANENT MAGNETS
|
| 700 |
1 |
|
|a Demian, Svetozár
|4 aut
|9 587318
|
| 700 |
1 |
|
|a Hrnčiar, Viliam,
|d 1948-
|4 aut
|9 227611
|
| 773 |
0 |
|
|t Technológia '95
|d Bratislava : Slovenská technická univerzita, 1995
|g S. 40-41
|z 8022707821
|
| 958 |
|
|
|a OND
|
| 958 |
|
|
|a article11
|
| 958 |
|
|
|a chapter
|
| 999 |
|
|
|c 1328193
|d 1330123
|